কৌলিতত্ত্ব ও উদ্ভিদ প্রজনন শব্দকোষ / (Record no. 8650)
[ view plain ]
| 000 -LEADER | |
|---|---|
| fixed length control field | 00803nam a2200241 a 4500 |
| 001 - CONTROL NUMBER | |
| JCCL Control Number | 8650 |
| 003 - CONTROL NUMBER IDENTIFIER | |
| JCCL marc code | BD-JhCC |
| 005 - DATE AND TIME OF LATEST TRANSACTION | |
| control field | 20180228190005.0 |
| 008 - FIXED-LENGTH DATA ELEMENTS--GENERAL INFORMATION | |
| fixed length control field | 180228s2001 bg |||| ||a| 000 0 be d |
| 020 ## - INTERNATIONAL STANDARD BOOK NUMBER | |
| International Standard Book Number | 9840741128 |
| 035 ## - SYSTEM CONTROL NUMBER | |
| system control number | (BD-JhCC)8650 |
| 040 ## - CATALOGING SOURCE | |
| Original cataloging agency | BD-JhCC |
| Modifying agency | BD-JhCC |
| 041 ## - LANGUAGE CODE | |
| Language code of Book | ben |
| 082 ## - DEWEY DECIMAL CLASSIFICATION NUMBER | |
| Classification number | 581.1503 |
| Author mark and Year | VUA 2001 |
| 100 ## - MAIN ENTRY--PERSONAL NAME | |
| Personal name | ভূঁইয়া,শহীদুর রশীদ। |
| 245 ## - TITLE STATEMENT | |
| Title | কৌলিতত্ত্ব ও উদ্ভিদ প্রজনন শব্দকোষ / |
| Statement of responsibility, etc | মোঃশহীদুর রশীদ ভূঁইয়া। |
| 260 ## - PUBLICATION, DISTRIBUTION, ETC. (IMPRINT) | |
| Place of publication, distribution, etc | ঢাকা : |
| Name of publisher, distributor, etc | বাংলা একাডেমী; |
| Date of publication, distribution, etc | ২০০১ । |
| 300 ## - PHYSICAL DESCRIPTION | |
| Pagination | ২২৭ p. : |
| Dimensions | 20 cm. |
| 650 ## - SUBJECT ADDED ENTRY--TOPICAL TERM | |
| Topical term or geographic name as entry element | Genetics. |
| 650 ## - SUBJECT ADDED ENTRY--TOPICAL TERM | |
| Topical term or geographic name as entry element | Plant Breeding. |
| 942 ## - ADDED ENTRY ELEMENTS (KOHA) | |
| Source of classification or shelving scheme | Library of Congress Classification |
| Koha item type | Books |
| Source of classification or shelving scheme | Damaged status | Not for loan | Home library | Current library | Shelving location | Date of accession | Cost, normal purchase price | Total Checkouts | Full call number | Barcode | Date last seen | Copy number | Koha item type |
|---|---|---|---|---|---|---|---|---|---|---|---|---|---|
| Dewey Decimal Classification | JCC Rouf Library | JCC Rouf Library | General Stacks | 02/28/2018 | 90.00 | 581.1503 VUA 2001 | 9196 | 02/28/2018 | C-1 | Books |